Statistics for States by Landscape

Click here to take the quiz!

General Stats

  • This quiz has been taken 27 times
  • The average score is 13 of 32

Answer Stats

Answer% Correct
Utah
88%
Louisiana
81%
Arizona
75%
California
75%
Hawaii
75%
Maine
69%
Oregon
69%
Washington
69%
Montana
63%
South Dakota
63%
Alaska
50%
Minnesota
50%
Wyoming
50%
Florida
44%
Massachusetts
44%
New Mexico
38%
Iowa
31%
North Dakota
31%
Colorado
25%
Nevada
25%
North Carolina
25%
Pennsylvania
25%
West Virginia
25%
Wisconsin
25%
Illinois/Indiana
19%
Michigan
19%
New Hampshire
19%
Arkansas
13%
Idaho
13%
Nebraska
13%
Texas
13%
Virginia
13%

Score Distribution

Percentile by Number Answered

Percent of People with Each Score

Your Score History

You have not taken this quiz